000 00713nam a2200241Ia 4500
003 OSt
005 20220925231929.0
006 a|||||r|||| 00| 0
007 ta
008 220923b |||||||| |||| 00| 0 eng d
037 _cGeneral Book
040 _aRTL
_cRTL
_beng
041 _2eng
_aeng
082 _aV2:51.M57, K3
100 _aEmbree Ainslie T Ed.
_97367
245 0 _aEighteen hundred and fifty-seven in India
_b Mutiny
260 _aMassachusetts
_bHeath
_c1963
300 _axii,101p.
_ccm.
490 _aProblems In Asian Civilization
650 _aStruggle for Independence
942 _hV2:51.M57, K3
_cGB
_2CC
999 _c589807
_d589807